| 000 | 00311 a2200133 4500 | ||
|---|---|---|---|
| 001 | 63836 | ||
| 020 | _a9789693509953 | ||
| 082 | _a891.4397 YOU | ||
| 090 |
_c37755 _d37755 |
||
| 100 | _aYounis Butt | ||
| 245 | _aAfra Tafreeh [urdu] | ||
| 260 |
_aLahore _bSang-e-Meel Publications _c2006 |
||
| 300 | _a200pp | ||
| 942 |
_acaenust _k891.4397 YOU |
||
| 999 |
_c298909 _d298909 |
||